[Event "Girona Gerunda op"]
[Site "Girona"]
[Date "2018.10.23"]
[Round "5"]
[White "Vegas Cortes, Jose Maria"]
[Black "Delgado Rus, Juan Antonio"]
[Result "1-0"]
[WhiteElo "1266"]
[BlackElo "1836"]
[PlyCount "24"]
[EventDate "2018.09.25"]
[EventType "swiss"]
[EventRounds "9"]
[EventCountry "ESP"]
[SourceTitle "EXT 2020"]
[Source "ChessBase"]
[SourceDate "2019.10.17"]
[SourceVersion "1"]
[SourceVersionDate "2019.10.17"]
[SourceQuality "1"]

1. e4 c5 2. d4 cxd4 3. c3 Nf6 4. Bc4 e6 5. Qe2 Nc6 6. Nf3 Qb6 7. 0-0 Be7 8. Rd1 e5 9. cxd4 Nxd4 10. Nxd4 exd4 11. e5 Ng8 12. Qf3 Qg6 1-0

[Event "Girona Gerunda op"]
[Site "Girona"]
[Date "2018.10.02"]
[Round "2"]
[White "Delgado Rus, Juan Antonio"]
[Black "Fernandez Alsina, David"]
[Result "0-1"]
[WhiteElo "1836"]
[BlackElo "2015"]
[PlyCount "63"]
[EventDate "2018.09.25"]
[EventType "swiss"]
[EventRounds "9"]
[EventCountry "ESP"]
[SourceTitle "EXT 2020"]
[Source "ChessBase"]
[SourceDate "2019.10.17"]
[SourceVersion "1"]
[SourceVersionDate "2019.10.17"]
[SourceQuality "1"]

1. d4 Nf6 2. c4 g6 3. Bg5 Bg7 4. Nf3 d6 5. Nc3 Nbd7 6. e4 0-0 7. Qd2 c5 8. Bh6 cxd4 9. Nxd4 Nc5 10. f3 Bd7 11. Bxg7 Kxg7 12. b4 Ne6 13. Be2 Rc8 14. Nd5 Nxd5 15. Nxe6+ fxe6 16. cxd5 e5 17. 0-0 Qb6+ 18. Kh1 Rf4 19. Rac1 Rxc1 20. Rxc1 Rh4 21. g3 Rh6 22. Bf1 Qd8 23. f4 Qf8 24. Rc7 Bg4 25. Rxb7 Bf3+ 26. Bg2 Bxg2+ 27. Kxg2 Qf6 28. Rxa7 exf4 29. Qxf4 Qb2+ 30. Qf2 Rxh2+ 31. Kxh2 Qxf2+ 32. Kh3 0-1

[Event "Can Ninetes op 11th"]
[Site "Can Ninetes"]
[Date "2016.08.01"]
[Round "3"]
[White "Delgado Rus, Juan Antonio"]
[Black "Ortiz Padro, Pol"]
[Result "1-0"]
[WhiteElo "1694"]
[BlackElo "1294"]
[PlyCount "107"]
[EventDate "2016.08.01"]
[EventType "swiss"]
[EventRounds "9"]
[EventCountry "ESP"]
[SourceTitle "CBM 173 Extra"]
[Source "ChessBase"]
[SourceDate "2016.08.29"]
[SourceVersion "1"]
[SourceVersionDate "2016.08.29"]
[SourceQuality "1"]

1. c4 e5 2. Nc3 Nf6 3. g3 d5 4. cxd5 Nxd5 5. Bg2 c6 6. Qb3 Be6 7. Qxb7 Nd7 8. Qxc6 Rc8 9. Qa4 Qf6 10. Bxd5 Bxd5 11. Nxd5 Qd6 12. e4 f5 13. f3 Be7 14. Ne2 fxe4 15. Nxe7 Qxe7 16. Qxe4 0-0 17. 0-0 Nc5 18. Qd5+ Kh8 19. b4 Rfd8 20. Qc4 Nd3 21. Qb3 Nxb4 22. Ba3 a5 23. Rad1 Qa7+ 24. Kg2 Rd3 25. Qe6 Rcd8 26. Bxb4 axb4 27. Rf2 h6 28. Nc1 R3d6 29. Qxe5 Rd5 30. Qb2 Rh5 31. d3 Re8 32. Rdd2 Re1 33. Rde2 Rd1 34. Qc2 Rxc1 35. Qxc1 Kh7 36. Qf4 Qd7 37. Qe4+ Kg8 38. Qe8+ Qxe8 39. Rxe8+ Kf7 40. Rb8 Ra5 41. Rxb4 g5 42. a4 Ke6 43. Rc2 Kd5 44. Rb5+ Rxb5 45. axb5 h5 46. Rc4 Ke5 47. b6 g4 48. b7 gxf3+ 49. Kxf3 h4 50. b8Q+ Kd5 51. Qb5+ Kd6 52. Rc6+ Kd7 53. Qb7+ Kd8 54. Rc8# 1-0

[Event "Figueres Nadal op 5th"]
[Site "Figueres"]
[Date "2016.01.02"]
[Round "2"]
[White "Colls Gelaberto, Emilio"]
[Black "Delgado Rus, Juan Antonio"]
[Result "1-0"]
[WhiteElo "2108"]
[BlackElo "1702"]
[PlyCount "135"]
[EventDate "2016.01.02"]
[EventType "swiss"]
[EventRounds "7"]
[EventCountry "ESP"]
[SourceTitle "EXT 2017"]
[Source "ChessBase"]
[SourceDate "2016.10.25"]
[SourceVersion "1"]
[SourceVersionDate "2016.10.25"]
[SourceQuality "1"]

1. Nf3 Nf6 2. c4 c5 3. Nc3 Nc6 4. d4 cxd4 5. Nxd4 d6 6. e4 Qb6 7. Nb3 Ng4 8. c5 dxc5 9. Nd5 Qd8 10. Be2 Nf6 11. Bf4 Nxd5 12. exd5 Nb4 13. Bc4 b6 14. a3 Ba6 15. axb4 Bxc4 16. bxc5 Qxd5 17. Qxd5 Bxd5 18. cxb6 axb6 19. Rxa8+ Bxa8 20. 0-0 e6 21. Rc1 Bd5 22. Rc8+ Kd7 23. Rc7+ Kd8 24. Nd2 f6 25. Ra7 e5 26. Be3 b5 27. Nf1 f5 28. Bb6+ Kc8 29. Ne3 Be6 30. f3 h5 31. Nd1 b4 32. Nf2 g5 33. Nd3 Bd6 34. Bc5 Bxc5+ 35. Nxc5 Bd5 36. Re7 e4 37. fxe4 Bxe4 38. Nxe4 fxe4 39. Rxe4 Kd7 40. Rxb4 Kc6 41. Kf2 Rd8 42. Ke3 Kc5 43. Rb7 Re8+ 44. Kd3 Rd8+ 45. Kc3 Rf8 46. b4+ Kc6 47. Rg7 Rf5 48. Kc4 Rf4+ 49. Kb3 g4 50. Rg6+ Kb7 51. Rg5 h4 52. Ka4 h3 53. gxh3 gxh3 54. Rh5 Rf3 55. Kb5 Rc3 56. Rh7+ Kb8 57. Kb6 Kc8 58. b5 Kd8 59. Kb7 Rb3 60. b6 Ra3 61. Rh4 Kd7 62. Rd4+ Ke6 63. Rd2 Ke7 64. Kc7 Rc3+ 65. Kb8 Rc6 66. b7 Rg6 67. Kc7 Rg2 68. b8Q 1-0

[Event "Girona op 6th"]
[Site "Girona"]
[Date "2015.07.13"]
[Round "1"]
[White "Delgado Rus, Juan Antonio"]
[Black "Mundet Riera, Jaume"]
[Result "0-1"]
[WhiteElo "1870"]
[BlackElo "2309"]
[PlyCount "33"]
[EventDate "2015.07.13"]
[EventType "swiss"]
[EventRounds "9"]
[EventCountry "ESP"]
[SourceTitle "EXT 2016"]
[Source "ChessBase"]
[SourceDate "2015.10.08"]
[SourceVersion "1"]
[SourceVersionDate "2015.10.08"]
[SourceQuality "1"]

1. c4 d6 2. Nc3 Nf6 3. Nf3 Nbd7 4. d4 c6 5. Bg5 Qa5 6. Qc2 b5 7. cxb5 cxb5 8. Nd2 h6 9. Bh4 Bb7 10. a3 Rc8 11. Nb3 Qb6 12. f3 a6 13. e3 e6 14. Bf2 Be7 15. Be2 0-0 16. 0-0 Nd5 17. Qd3 0-1

[Event "Santa Eugenia op 10th"]
[Site "Santa Eugenia"]
[Date "2015.??.??"]
[Round "2"]
[White "Delgado Rus, Juan Antonio"]
[Black "Salagran Ferragut, Guillem"]
[Result "0-1"]
[WhiteElo "1906"]
[BlackElo "2196"]
[PlyCount "100"]
[EventDate "2015.04.17"]
[EventType "swiss"]
[EventRounds "9"]
[EventCountry "ESP"]
[SourceTitle "EXT 2016"]
[Source "ChessBase"]
[SourceDate "2015.10.08"]
[SourceVersion "1"]
[SourceVersionDate "2015.10.08"]
[SourceQuality "1"]

1. d4 Nf6 2. c4 e6 3. Nc3 Bb4 4. Bg5 c5 5. Nf3 h6 6. Bh4 g5 7. Bg3 Ne4 8. Qb3 Nc6 9. dxc5 g4 10. Nd2 Nxd2 11. Kxd2 Qg5+ 12. e3 Qxc5 13. a3 Ba5 14. Qb5 Qxb5 15. cxb5 Ne7 16. b4 Bd8 17. Ne4 Nf5 18. Be5 Rg8 19. h3 d5 20. hxg4 Rxg4 21. f3 Rg6 22. Nd6+ Nxd6 23. Bxd6 Bd7 24. g4 Be7 25. Bf4 Bf6 26. Rc1 e5 27. Bg3 e4 28. Be2 exf3 29. Bxf3 Bxg4 30. Bxg4 Rxg4 31. Bf4 Rg2+ 32. Kd3 Ra2 33. Rxh6 Rxa3+ 34. Ke2 Bd8 35. Rc5 Kf8 36. Rxd5 Kg7 37. Rhd6 Bf6 38. Rf5 Bc3 39. Bh6+ Kg8 40. Rg5+ Kh7 41. Rh5 f6 42. Bf4+ Kg6 43. Rh6+ Kf5 44. Kf3 Re8 45. Rd5+ Ke6 46. Rd6+ Kf5 47. Rh5+ Kg6 48. Kg4 Re7 49. e4 Rxe4 50. Rd7 Rxf4+ 0-1

[Event "Girona op-B 4th"]
[Site "Girona"]
[Date "2013.07.21"]
[Round "7"]
[White "Delgado Rus, Juan Antonio"]
[Black "Blasco Vidal, Joan"]
[Result "1-0"]
[WhiteElo "1619"]
[BlackElo "1697"]
[PlyCount "115"]
[EventDate "2013.07.15"]
[EventType "swiss"]
[EventRounds "9"]
[EventCountry "ESP"]
[SourceTitle "EXT 2015"]
[Source "ChessBase"]
[SourceDate "2014.11.20"]
[SourceVersion "1"]
[SourceVersionDate "2014.11.20"]
[SourceQuality "1"]

1. e4 Nf6 2. e5 Nd5 3. c4 Nb6 4. Nc3 d6 5. f4 dxe5 6. fxe5 Nc6 7. c5 Nd5 8. d4 Bf5 9. a3 e6 10. g3 Be7 11. Nf3 h5 12. h4 Bg4 13. Be2 Qd7 14. Ne4 f6 15. exf6 gxf6 16. Qd3 Rg8 17. Rg1 0-0-0 18. Bd2 Nb8 19. 0-0-0 Bf5 20. Be1 Qa4 21. Rd2 Nc6 22. Bd1 Qa6 23. Qxa6 bxa6 24. Nc3 Ne3 25. Be2 Kb7 26. b4 Bg4 27. Bf2 Nf5 28. b5 axb5 29. Nxb5 a6 30. Nc3 Ka7 31. d5 exd5 32. Nxd5 Rd7 33. Nb4 Rxd2 34. Kxd2 Nxb4 35. axb4 Kb7 36. Ra1 Ra8 37. Ra3 c6 38. Kc3 Bd8 39. Kc4 Bc7 40. Nd4 Bxe2+ 41. Nxe2 Rg8 42. Rf3 Nh6 43. Rxf6 Ng4 44. Rf5 Nxf2 45. Rxf2 Bxg3 46. Nxg3 Rxg3 47. Rf7+ Kb8 48. Rf4 Rg4 49. Rd4 Kc7 50. Kd3 Rg3+ 51. Ke2 Rb3 52. Rf4 Rh3 53. Kf2 Rb3 54. Rf5 Rxb4 55. Rxh5 Rb8 56. Rh7+ Kc8 57. Rh8+ Kc7 58. Rxb8 1-0

[Event "Girona op-B 4th"]
[Site "Girona"]
[Date "2013.07.20"]
[Round "6"]
[White "Nunez Colome, David"]
[Black "Delgado Rus, Juan Antonio"]
[Result "0-1"]
[WhiteElo "1497"]
[BlackElo "1619"]
[PlyCount "60"]
[EventDate "2013.07.15"]
[EventType "swiss"]
[EventRounds "9"]
[EventCountry "ESP"]
[SourceTitle "EXT 2015"]
[Source "ChessBase"]
[SourceDate "2014.11.20"]
[SourceVersion "1"]
[SourceVersionDate "2014.11.20"]
[SourceQuality "1"]

1. e4 c5 2. Nf3 d6 3. d4 cxd4 4. Nxd4 Nf6 5. Nc3 e6 6. Be3 a6 7. f3 b5 8. a3 Bb7 9. Be2 Nbd7 10. Nb3 Be7 11. 0-0 0-0 12. Qd2 Rc8 13. Rac1 Ne5 14. Rfd1 Nc4 15. Bxc4 Rxc4 16. Qf2 Nd7 17. Qg3 f5 18. exf5 Rxf5 19. Nd4 Rf6 20. Bg5 Rg6 21. Bxe7 Qxe7 22. Qf2 Rc5 23. Rd2 Ne5 24. Rb1 Rf6 25. Nb3 Rc4 26. Na5 Nxf3+ 27. gxf3 Rxf3 28. Qg2 Rc5 29. Ne2 Rg5 30. Ng3 Rfxg3 0-1